000 00332nam a2200121Ia 4500
008 220615s9999||||xx |||||||||||||| ||und||
245 0 _aStereo Vision
546 _aEnglish[eng]
650 _aRobotics
700 _aBhatti, Asim
856 _uhttps://mts.intechopen.com/storage/books/4814/authors_book/authors_book.pdf
942 _cEB
999 _c19233
_d19233